000 01017nam a22002171a 4500
001 6050
003 BD-RjUL
005 20211208234157.0
008 171029s1978 b a b 000 0 b
035 _a(BD-RjUL)6089
040 _aBD-RjUL
_cBD-RjUL
_dBD-RjUL
_bben
041 _aben
082 _aBRA 759.95492
_bBAB 1978
110 1 _aবাংলাদেশ শিল্পকলা একাডেমী
_9219340
245 _aবাংলাদেশী সংগ্রাহকদের সংগ্রহের শিল্পকর্ম প্রদর্শনী /
_cবাংলাদেশ শিল্পকলা একাডেমী
260 _aঢাকা:
_bবাংলাদেশ শিল্পকলা একাডেমী,
_c১৯৭৮
300 _a[২৬] পৃ. :
_bচিত্র ; .
_c২২ সেমি.
650 _aশিল্পকর্ম
_xপ্রদর্শনী
_zবাংলাদেশ
_9219341
650 _aArt
_xExibition
_zBangladesh
_9219342
942 _2ddc
_cBK
999 _c6050
_d6050